Music Quiz

Random Music or Bands Quiz

Band Names by Literal Images II Quiz Stats

 Plays Quiz Updated May 17, 2015

Challenge
Share
Tweet
Score 0/20 Timer 05:00
3 Plays Today
% Correct
Queen
99.7%
Kiss
97.1%
Heart
97%
The Police
96.9%
The Doors
94.1%
Eagles
93.6%
Train
92.8%
Poison
92.3%
Asia
91.1%
Toto
90.5%
% Correct
Bread
88.9%
ZZ Top
87.2%
The Turtles
86.9%
The Animals/Animal Kingdom
83.2%
Oasis
81.7%
Kansas
76.3%
The Black Eyed Peas
75.3%
Slipknot
66.6%
Florida Georgia Line
46%
The Hollies
39.5%

You're not logged in!

Compare scores with friends on all Sporcle quizzes.
OR
Log In

You Might Also Like...

Show Comments

Extras

Top Quizzes Today


Score Distribution

Your Account Isn't Verified!

In order to create a playlist on Sporcle, you need to verify the email address you used during registration. Go to your Sporcle Settings to finish the process.

Report this User

Report this user for behavior that violates our Community Guidelines.

Details: